00819nam a2200157 i 450000100060000000300090000600700030001500800410001810000410005924502800010026000470038070000290042785200600045699900170051695201280053331095ES-MaACLt|030128s1862 fr ||||1| fre d1 aBazin, Antoine-Pierre Ernest.92674610aLeçons théoriques et cliniques sur les affections cutanées de nature arthritique et dartrense considerées en elles mêmes et dans leurs rapport avec eruptions scropulenses parasitaries / cAntoine-Pierre Ernest Bazin ; rédigées et publiées par Lucient Sergent. aParís : b[s.n., c1862] (fE. Martinet)1 aSergent, Lucien.9105545 aES-MaACLjG-14082(3) q. - Encuadernado con otras obras c31095d31095 001040708LIBXIXaATENEOMbATENEOMcSPP3d2008-01-17eSCl0oG-14082(3)p1032123r2023-02-23 00:00:00w2023-02-23yMONANT